Un tlamanalli encontrado en Tlatelolco /

Este es un informe acerca de una ofrenda, al parecer con carácter guerrero, que se encontró en la zona de Tlatelolco.

Uloženo v:
Podrobná bibliografie
Hlavní autor: Angulo V., Jorge (autor)
Médium: Kniha
Jazyk:španělština
Edice:(Publicaciones ; 18)
Témata:
Tagy: Přidat tag
Žádné tagy, Buďte první, kdo vytvoří štítek k tomuto záznamu!

MARC

LEADER 00000nam^a2200000^a^4500
001 000131810
005 20250521000000.0
009 20260310095037.17
037 |a Acervo ITESO - Biblioteca 
041 |a ESP 
082 |a 972. 53201  |b ANG 
100 |a Angulo V., Jorge  |e (autor) 
245 1 3 |a Un tlamanalli encontrado en Tlatelolco /  |c J. Angulo V. 
264 |a México :  |b Secretaría de Educación Pública :  |b INAH, Departamento de Prehistoria,  |c 1966 
300 |a 47 p. 
336 |a texto  |b txt  |2 rdacontenido 
337 |a sin mediación  |b n  |2 rdamedio 
338 |a volumen  |b nc  |2 rdasoporte 
440 1 |a (Publicaciones ;  |v 18) 
520 |a Este es un informe acerca de una ofrenda, al parecer con carácter guerrero, que se encontró en la zona de Tlatelolco. 
649 |a XX 
650 |a Ofrendas Religiosas 
650 |a Excavaciones (Arqueología) -  |z Tlatelolco, México (Ciudad) 
650 |a Arqueología -  |z México (Ciudad) 
650 |a México (Ciudad) -  |x Historia -  |y Epoca Prehispánica 
910 |a Fondo Salvador Reynoso Reynoso 
920 |a Impresos - Libros 
930 |a Fondos Especiales 
905 |a 112 
901 |a 0800012182  |b IT2  |c ESP  |u 20250521 
902 |a https://opac.biblio.iteso.mx/vufind/Record/000131810